000
00265nam a22000977a 4500
999
_c
3380
_d
3380
008
160924b xxu||||| |||| 00| 0 eng d
020
_a
9788189932886
100
_9
723
_a
Seth.C.K.etal
245
_a
Vision Inlet Eductaion-8
260
_a
New Delhi
_b
Prachi Publications
_c
2012